|
|
|
|
| LEADER |
00870cam a2200217 a 4500 |
| 008 |
820329s1980 ii b 001 0 eng |
| 082 |
0 |
0 |
|a 954
|2 19
|
| 100 |
1 |
|
|a Narayan, Jayaprakash
|
| 240 |
1 |
0 |
|a Works.
|k Selections.
|f 1980
|
| 245 |
1 |
2 |
|a A revolutionary's quest :
|b selected writings of Jayaprakash Narayan /
|c edited with an introduction by Bimal Prasad.
|
| 260 |
|
|
|a Delhi :
|b Oxford University Press,
|c 1980.
|
| 300 |
|
|
|a lxviii, 406 p. ;
|c 24 cm.
|
| 500 |
|
|
|a Includes index.
|
| 504 |
|
|
|a Bibliography: p. 391-392.
|
| 651 |
|
0 |
|a India
|x Politics and government
|y 20th century.
|
| 653 |
|
|
|a India
|a Politics and government
|
| 700 |
1 |
|
|a Prasad, Bimal,
|
| 906 |
|
|
|a 7
|b cbc
|c orignew
|d 4
|e ncip
|f 19
|g y-gencatlg
|
| 942 |
|
|
|c BK
|
| 999 |
|
|
|c 276529
|d 276529
|
| 952 |
|
|
|0 0
|1 0
|2 ddc
|4 0
|6 954_000000000000000_NAR_R
|7 0
|9 311082
|a PHL
|b PHL
|c ST1
|d 2015-12-11
|i 2691
|o 954 NAR/R
|p PHL2691
|r 2015-12-11
|y BK
|